Anarchism and Other Essays (Record no. 231500)
[ view plain ]
| 000 -LEADER | |
|---|---|
| fixed length control field | 01253cam a22002893a 4500 |
| 001 - CONTROL NUMBER | |
| control field | 2162 |
| 003 - CONTROL NUMBER IDENTIFIER | |
| control field | PGUSA |
| 005 - DATE AND TIME OF LATEST TRANSACTION | |
| control field | 20140828083011.0 |
| 008 - FIXED-LENGTH DATA ELEMENTS--GENERAL INFORMATION | |
| fixed length control field | 000401s2000||||xxu|||||s|||||000 | eng d |
| 040 ## - CATALOGING SOURCE | |
| Original cataloging agency | PGUSA |
| Language of cataloging | eng |
| 042 ## - AUTHENTICATION CODE | |
| Authentication code | dc |
| 050 #4 - LIBRARY OF CONGRESS CALL NUMBER | |
| Classification number | HX |
| 100 1# - MAIN ENTRY--PERSONAL NAME | |
| Personal name | Goldman, Emma, |
| Dates associated with a name | 1869-1940 |
| 245 10 - TITLE STATEMENT | |
| Title | Anarchism and Other Essays |
| Medium | [electronic resource] / |
| Statement of responsibility, etc | Emma Goldman |
| 260 ## - PUBLICATION, DISTRIBUTION, ETC. (IMPRINT) | |
| Name of publisher, distributor, etc | Project Gutenberg, |
| Date of publication, distribution, etc | 2000 |
| 500 ## - GENERAL NOTE | |
| General note | Includes biographic sketch by Hippolyte Havel. |
| 505 0# - FORMATTED CONTENTS NOTE | |
| Formatted contents note | Biographic Sketch Preface -- Anarchism: What It Really Stands For -- Minorities Versus Majorities -- The Psychology of Political Violence -- Prisons: A Social Crime and Failure -- Patriotism: A Menace to Liberty -- Francisco Ferrer and The Modern School -- The Hypocrisy of Puritanism -- The Traffic in Women -- Woman Suffrage -- The Tragedy of Woman's Emancipation -- Marriage and Love -- The Drama: A Powerful Disseminator of Radical Thought. |
| 506 ## - RESTRICTIONS ON ACCESS NOTE | |
| Terms governing access | Public domain in the USA. |
| 516 ## - TYPE OF COMPUTER FILE OR DATA NOTE | |
| Type of computer file or data note | Electronic text |
| 653 ## - INDEX TERM--UNCONTROLLED | |
| Uncontrolled term | Women -- Social and moral questions |
| 653 ## - INDEX TERM--UNCONTROLLED | |
| Uncontrolled term | Feminism |
| 653 ## - INDEX TERM--UNCONTROLLED | |
| Uncontrolled term | Anarchism |
| 700 1# - ADDED ENTRY--PERSONAL NAME | |
| Personal name | Havel, Hippolyte |
| 830 #0 - SERIES ADDED ENTRY--UNIFORM TITLE | |
| Uniform title | Project Gutenberg |
| Volume number/sequential designation | 2162 |
| 856 40 - ELECTRONIC LOCATION AND ACCESS | |
| Uniform Resource Identifier | <a href="http://www.gutenberg.org/ebooks/2162">http://www.gutenberg.org/ebooks/2162</a> |
| 942 ## - ADDED ENTRY ELEMENTS (KOHA) | |
| Koha item type | eBooks |
| Withdrawn status | Lost status | Damaged status | Home library | Current library | Date acquired | Total Checkouts | Date last seen | Price effective from | Koha item type |
|---|---|---|---|---|---|---|---|---|---|
| Project Gutenberg | Project Gutenberg | 08/28/2014 | 08/28/2014 | 08/28/2014 | eBooks |